Top 10 Most Christian Countries - Statistics

General Stats
  • This quiz has been taken 192 times
  • The average score is 2 of 10
Answer Stats
% Country % Correct
100 Vatican City
97%
93 Greece
41%
99 Romania
33%
97.5 Moldova
24%
98.5 Armenia
21%
99 Tonga
9%
97.5 Zambia
8%
97.6 Namibia
6%
97.5 Marshall Islands
5%
99 Papua New Guinea
5%
No matching quizzes found
Score Distribution
Percent of People with Each Score
Percentile by Number Answered
Your Score History
You have not taken this quiz